书目信息 |
| 题名: |
环境管理
|
|
| 作者: | 刘常海 张明顺 编著 | |
| 分册: | ||
| 出版信息: | 北京 中国环境科学出版社 1994.05 |
|
| 页数: | 700页 | |
| 开本: | 32开 | |
| 丛书名: | ||
| 单 册: | ||
| 中图分类: | X32-43 | |
| 科图分类: | ||
| 主题词: | 环境规划 , 环境管理 , 环境堡规划 | |
| 电子资源: | ||
| ISBN: | 7-80093-580-9 | |
| 000 | 00629nam0 2200217 45 | |
| 001 | 0007191522 | |
| 005 | 20000719154748.1 | |
| 010 | @a7-80093-580-9@d33.50元 | |
| 100 | @a20000719d1994 km y0chiy0120 ea | |
| 101 | 0 | @achi |
| 105 | @a z 000yy | |
| 200 | 1 | @a环境管理@AHuan Jing Guan Li@f刘常海 张明顺等编著@FLiu Chang Hai Zhang Ming Shun Deng Bian Zhu |
| 210 | @a北京@c中国环境科学出版社@d1994.05 | |
| 215 | @a700页@d32开 | |
| 606 | 0 | @a环境规划 |
| 606 | 0 | @a环境管理 |
| 606 | 0 | @a环境堡规划 |
| 690 | @aX32-43@v3 | |
| 701 | 0 | @a刘常海 张明顺@4编著 |
| 801 | @aCN@bPftUser@c20000719 | |
| 905 | @b70842-861@dX32-43@eL289@f20 | |
| 环境管理/刘常海 张明顺等编著.-北京:中国环境科学出版社,1994.05 |
| 700页;32开 |
| ISBN 7-80093-580-9:33.50元 |
| ● |
| 相关链接 |
|
|
|
正题名:环境管理
索取号:X32-43/L289
 
预约/预借
| 序号 | 登录号 | 条形码 | 馆藏地/架位号 | 状态 | 备注 |
| 1 | 70842 | 200708421 | 自科二线400A/400A自科库 26排3列3层/ [索取号:X32-43/L289] | 在馆 | |
| 2 | 70843 | 200708430 | 期刊室512/501自科库 65排7列2层/ [索取号:X32-43/L289] | 在馆 | |
| 3 | 70844 | 200708449 | 期刊室512/501自科库 65排7列2层/ [索取号:X32-43/L289] | 在馆 | |
| 4 | 70845 | 200708458 | 自科库501/501自科库 65排7列1层/ [索取号:X32-43/L289] | 在馆 | |
| 5 | 70846 | 200708467 | 期刊室512/501自科库 65排7列3层/ [索取号:X32-43/L289] | 在馆 | |
| 6 | 70847 | 200708476 | 自科二线400A/400A自科库 26排3列3层/ [索取号:X32-43/L289] | 在馆 | |
| 7 | 70848 | 200708485 | 期刊室512/501自科库 65排7列2层/ [索取号:X32-43/L289] | 在馆 | |
| 8 | 70849 | 200708494 | 自科库501/501自科库 65排7列1层/ [索取号:X32-43/L289] | 在馆 | |
| 9 | 70850 | 200708500 | 自科二线400A/400A自科库 26排3列1层/ [索取号:X32-43/L289] | 在馆 | |
| 10 | 70851 | 200708519 | 期刊室512/501自科库 65排7列3层/ [索取号:X32-43/L289] | 在馆 | |
| 11 | 70852 | 200708528 | 期刊室512/501自科库 65排7列2层/ [索取号:X32-43/L289] | 在馆 | |
| 12 | 70853 | 200708537 | 自科二线400A/400A自科库 26排3列1层/ [索取号:X32-43/L289] | 在馆 | |
| 13 | 70854 | 200708546 | 期刊室512/501自科库 65排7列2层/ [索取号:X32-43/L289] | 在馆 | |
| 14 | 70855 | 200708555 | 期刊室512/501自科库 65排7列3层/ [索取号:X32-43/L289] | 在馆 | |
| 15 | 70856 | 200708564 | 期刊室512/501自科库 65排7列2层/ [索取号:X32-43/L289] | 在馆 | |
| 16 | 70857 | 200708573 | 期刊室512/501自科库 65排7列3层/ [索取号:X32-43/L289] | 在馆 | |
| 17 | 70858 | 200708582 | 期刊室512/501自科库 65排7列3层/ [索取号:X32-43/L289] | 在馆 | |
| 18 | 70859 | 200708591 | 期刊室512/501自科库 65排7列3层/ [索取号:X32-43/L289] | 在馆 | |
| 19 | 70860 | 200708608 | 自科二线400A/400A自科库 26排3列3层/ [索取号:X32-43/L289] | 在馆 | |
| 20 | 70861 | 200708617 | 自科库501/501自科库 65排7列1层/ [索取号:X32-43/L289] | 在馆 |